00625nam a2200193Ia 4500008004100000050001300041050001500054100002600069245012900095245002600224260003100250260001000281260001000291300001500301300002000316300001100336500005600347521002800403160517s9999 xx 000 0 und d aHF 5801  b.C112 2016 aCaballero, Joenard E. 4aThe community response and brans awareness on southville international school and colleges facebook as an e-marketing tool / cJoenard E. Caballero. aLas Piñas, Philippines : bSISC, c2016. a35 pages : billustrations ; c28 cm. aIncludes bibliographical references and appendices. aBusiness Administration